000 00913nas a2200265 4500
001 BR8200457
003 BR-BrBNA
005 20231205085005.0
007 ta
008 230509b bl.|||p| |||| 00| 00por d
040 _aBR-BrBNA
_bpor
_cBiblioteca Nacional de Agricultura
041 _a(Pt)
072 _aF25
100 1 _aValarelli, J.V.
100 1 _aGuardani, R.
245 1 _aEstudos experimentais para utilizacao das rochas potassicas de Pocos de Caldas como fertilizante [Minas Gerais; Brasil]
246 1 _a[Experimental studies for use of potassium rocks from Pocos de Caldas as a fertilizer [Minas Gerais; Brazil]]
650 _aFertilizante
650 _aFertilizante potassico
650 _aRocha
650 _aMinas Gerais
773 0 _tFertilizantes (Brazil)
_xISSN 0100-6274
_g(Dec 1981), v. 3(3) p. 4-7
_wBR8200457
909 _a202311
_bLúcia
_c55
_dLúcia Elande
942 _2AGRIS
_n0
_cANA
999 _c108555
_d108555